Una mosca sul muro. Realismo magico, univenzione latinoamericana?

Guardat en:
Dades bibliogràfiques
Autor principal: Alberto, Eliseo
Format: Desconegut
Publicat: Roma, Italia: Universita Cattolica del Sacro Cuore,
Etiquetes: Afegir etiqueta
Sense etiquetes, Sigues el primer a etiquetar aquest registre!

MARC

LEADER 000000000a22000000004500
001 001727
022 |a 8876952993 
041 0 |a Italiano 
092 0 |a Centroamericana 
100 1 |a Alberto, Eliseo 
245 1 0 |a Una mosca sul muro. Realismo magico, univenzione latinoamericana? 
260 |a Roma, Italia:   |b Universita Cattolica del Sacro Cuore, 
310 |a anual 
773 0 |t Centroamericana 
773 0 |g número 11 (2005) 
773 0 |g 1990- 
773 0 |g 7-17 páginas 
999 |c 2015  |d 2015